Sieťové a informačné technológie celoškolský seminár, Nitra, 7. február 2002 : zborník

Bibliographic Details
Corporate Author: Sieťové a informačné technológie Nitra, Slovensko
Format: Conference Proceeding Book
Language:Slovak
PhysicalDescription:103 s. fotogr., sch., tab. 21 cm
Published: V Nitre Slovenská poľnohospodárska univerzita 2002
ISBN:8071379816
Edition:[1. vyd.]
Subjects:

MARC

LEADER 00000cam a2200000 a 4500
001 vtls001440803
003 SK-MaSNL
005 20260302061505.0
008 220720s2002 xo a fred 10000 slo
015 |a SNBA2003/10-03635 
020 |a 8071379816 
035 |a SNK000395982 
035 |a urn:nbn:sk:snk-amjrdz 
035 |a urn:nbn:sk:snk:ar-008yui 
035 |a a89b5438-24ea-4fcc-93f0-eefcd4913297 
040 |a SNK  |b slo  |c SNK  |e AACR2 
041 0 |a slo 
044 |a xo  |c SK 
072 7 |a 004  |x Počítačová veda. Výpočtová technika. Informačné technológie  |2 konspekt 
080 |a 004.7  |2 1981 
080 |a 004  |2 1981 
080 |a (063)  |2 1981 
111 2 |a Sieťové a informačné technológie  |d (2002 :  |c Nitra, Slovensko)  |9 720345 
245 1 0 |a Sieťové a informačné technológie  |b celoškolský seminár, Nitra, 7. február 2002 : zborník  |c [autor: kolektív autorov] 
250 |a [1. vyd.] 
260 |a V Nitre  |b Slovenská poľnohospodárska univerzita  |c 2002 
300 |a 103 s.  |b fotogr., sch., tab.  |c 21 cm 
500 |a Údaj o aut. prevzatý z tir. 
500 |a 130 výt. 
504 |a Bibliogr. odkazy. Res. angl. a slov. Slovník použ. pojmov 
650 0 7 |a počítačové siete  |2 SNKPH  |9 703 
650 0 7 |a informačné technológie  |2 SNKPH  |9 1527 
655 7 |a zborníky konferencií  |2 SNKPH  |9 70153 
655 7 |a issue_zb  |2 SNK  |9 276493 
752 |a Slovensko  |d Nitra 
919 |a 80-7137-981-6 
954 |a odborná, vedecká literatúra pôvodná (slovenská)  |2 lita 
958 |a ART 
958 |a OND 
968 |d 0 
999 |c 1125613  |d 1127543 
952 |t P60, <03>, [BOOK], {603}  |a SNK  |b SNK  |y PREZ  |7 0  |p 17A0357043  |o snkSC 109282  |i snkKSP 11523/2002  |0 0  |1 0  |4 0  |d 2002-09-20  |l 0  |r 2025-09-30 00:00:00  |w 2026-02-24 
952 |t P60, <04>, [BOOK], {604}  |a SNK  |b SNK  |y VYP  |7 0  |p 17A0357044  |o snkSC 109282 D1  |i snkKSP 11524/2002  |0 0  |1 0  |4 0  |d 2002-09-20  |l 0  |r 2005-01-02 00:00:00  |w 2026-02-24